[Event "CAN-op U2400"]
[Site "Montreal CAN"]
[Date "2014.07.22"]
[Round "5"]
[White "Dube, Daniel"]
[Black "Zhu, Hong Rui"]
[Result "0-1"]
[WhiteElo "1839"]
[BlackElo "2069"]
[PlyCount "31"]
[EventDate "2014.07.19"]
[EventType "swiss"]
[EventRounds "9"]
[EventCountry "CAN"]

1. d4 d5 2. Bf4 Nf6 3. e3 Bf5 4. Nc3 e6 5. Bd3 Bg6 6. Nf3 Be7 7. Ne5 O-O 8. g4
c5 9. Bxg6 fxg6 10. dxc5 Bxc5 11. Qe2 Bb4 12. O-O Nc6 13. Rfd1 Bxc3 14. Nxc6
bxc6 15. bxc3 Ne4 16. Qd2 0-1

[Event "CAN-op U2400"]
[Site "Montreal CAN"]
[Date "2014.07.22"]
[Round "5"]
[White "Enkh-Amar, Galbadrakh"]
[Black "Itkin, David"]
[Result "1-0"]
[WhiteElo "2140"]
[BlackElo "2096"]
[PlyCount "69"]
[EventDate "2014.07.19"]
[EventType "swiss"]
[EventRounds "9"]
[EventCountry "CAN"]

1. Nf3 Nf6 2. c4 g6 3. g3 Bg7 4. Bg2 O-O 5. O-O d6 6. Nc3 Nc6 7. d4 Bf5 8. d5
Na5 9. Nd2 c6 10. e4 Bg4 11. f3 Bd7 12. Rb1 cxd5 13. cxd5 Rc8 14. Qe2 b5 15. a3
e6 16. dxe6 fxe6 17. Qe3 Nc4 18. Nxc4 Rxc4 19. Rd1 Qc7 20. Qd3 Ne8 21. Ne2 b4
22. Be3 Bb5 23. a4 Rc3 24. Qxb5 Rxe3 25. Nf4 Qc2 26. Qxb4 Rxf4 27. Rdc1 Qd3 28.
gxf4 Re2 29. Kh1 Rxg2 30. Kxg2 Qe2+ 31. Kg3 g5 32. Qb3 d5 33. Rc2 gxf4+ 34. Kh3
Qa6 35. Qb5 1-0

[Event "CAN-op U2400"]
[Site "Montreal CAN"]
[Date "2014.07.22"]
[Round "5"]
[White "Gardner, Robert"]
[Black "Doknjas, John"]
[Result "1/2-1/2"]
[WhiteElo "2164"]
[BlackElo "1993"]
[PlyCount "150"]
[EventDate "2014.07.19"]
[EventType "swiss"]
[EventRounds "9"]
[EventCountry "CAN"]

1. d4 Nf6 2. c4 c5 3. d5 e6 4. Nc3 exd5 5. cxd5 d6 6. e4 g6 7. Nge2 Bg7 8. Ng3
O-O 9. Be2 Re8 10. O-O a6 11. a4 Nbd7 12. Bg5 Rb8 13. Qd2 Qc7 14. Bh6 Bh8 15.
f4 c4 16. Kh1 b5 17. axb5 axb5 18. b4 cxb3 19. Nxb5 Qb6 20. Rab1 Nc5 21. e5
dxe5 22. fxe5 Rxe5 23. Bf4 Rxd5 24. Qe1 Rb7 25. Bc4 Nd3 26. Qd2 Nxf4 27. Bxd5
N6xd5 28. Rxb3 Bd7 29. Nd4 Qa7 30. Rxb7 Qxb7 31. Ne4 Qa7 32. Ne2 Nxe2 33. Qxd5
Be8 34. Nd6 Nf4 35. Qe4 Ne6 36. Nxe8 Qe7 37. Qa8 Nf8 38. Qc6 Be5 39. Nf6+ Bxf6
40. Qxf6 Qxf6 41. Rxf6 h5 42. Ra6 Kg7 43. Kg1 Ne6 44. Kf2 Nd4 45. Ke3 Nf5+ 46.
Kf4 Nh6 47. h3 Nf5 48. Ra5 Kf6 49. Ra6+ Kg7 50. Ke5 Ne3 51. Ra2 Nf5 52. Rf2 Nh6
53. Rf1 Ng8 54. Kd6 Nf6 55. Re1 Ng8 56. Ra1 Nf6 57. Ra4 Ng8 58. Ke5 Nh6 59. Ra7
Nf5 60. g4 hxg4 61. hxg4 Nh6 62. Kf4 Kf8 63. Ra4 Kg7 64. Ke5 g5 65. Rb4 f6+ 66.
Ke6 Kg6 67. Ke7 Kg7 68. Ke8 Kg8 69. Ra4 Kg7 70. Rc4 Kg8 71. Ke7 Kg7 72. Ke6 Kg6
73. Ke7 Kg7 74. Ke8 Kg8 75. Ra4 Kg7 1/2-1/2

[Event "CAN-op U2400"]
[Site "Montreal CAN"]
[Date "2014.07.22"]
[Round "5"]
[White "Holliman, Robert"]
[Black "Oussedik, Elias"]
[Result "0-1"]
[WhiteElo "1976"]
[BlackElo "2100"]
[PlyCount "70"]
[EventDate "2014.07.19"]
[EventType "swiss"]
[EventRounds "9"]
[EventCountry "CAN"]

1. c4 c5 2. Nc3 b6 3. e4 Bb7 4. Nf3 d6 5. d4 cxd4 6. Nxd4 Nf6 7. Bd3 e6 8. O-O
Be7 9. b3 O-O 10. Bb2 a6 11. Qe2 Qc7 12. Rad1 Nbd7 13. Bb1 Rfe8 14. Rfe1 g6 15.
Qe3 Bf8 16. Qg3 Rac8 17. h3 Qb8 18. Qe3 Ba8 19. Nce2 d5 20. exd5 exd5 21. Qg5
Bg7 22. cxd5 Nxd5 23. Qd2 Ne5 24. Be4 Rcd8 25. Qc1 Ng4 26. Ng3 Bh6 27. Qb1 Ngf6
28. Bf3 b5 29. a3 Bg7 30. Rc1 a5 31. Rxe8+ Rxe8 32. Nc6 Qb6 33. Bd4 Qa6 34. Ne5
Nd7 35. Re1 Bxe5 0-1

[Event "CAN-op U2400"]
[Site "Montreal CAN"]
[Date "2014.07.22"]
[Round "5"]
[White "Jacquet, Stephane"]
[Black "Trottier, Emile"]
[Result "1-0"]
[WhiteElo "1992"]
[BlackElo "2168"]
[PlyCount "73"]
[EventDate "2014.07.19"]
[EventType "swiss"]
[EventRounds "9"]
[EventCountry "CAN"]

1. d4 e6 2. c4 f5 3. g3 d5 4. Bg2 c6 5. Nf3 Bd6 6. O-O Nf6 7. Nc3 O-O 8. Bg5
Qe8 9. Qd2 Ne4 10. Nxe4 fxe4 11. Ne5 Nd7 12. Bf4 Qh5 13. Ng6 Qxg6 14. Bxd6 Re8
15. f4 h5 16. a4 h4 17. Ra3 Nf6 18. gxh4 Nh5 19. Kh1 Rd8 20. Be5 Rf8 21. Bh3
Bd7 22. Rg1 Qh6 23. e3 Kh7 24. Rg5 g6 25. Ra1 Rg8 26. Qb4 Rg7 27. Qxb7 Rag8 28.
Bxg7 Rxg7 29. Rag1 dxc4 30. Bg4 Nxf4 31. exf4 Qxh4 32. Rg3 Kg8 33. Qb4 e3 34.
Qb8+ Kf7 35. Qd8 Be8 36. Rf5+ gxf5 37. Qxh4 1-0

[Event "CAN-op U2400"]
[Site "Montreal CAN"]
[Date "2014.07.22"]
[Round "5"]
[White "Klenburg, Mikhail"]
[Black "Burrows, Zachary"]
[Result "1-0"]
[WhiteElo "2368"]
[BlackElo "2138"]
[PlyCount "45"]
[EventDate "2014.07.19"]
[EventType "swiss"]
[EventRounds "9"]
[EventCountry "CAN"]

1. g3 d5 2. Nf3 Nf6 3. Bg2 g6 4. O-O Bg7 5. d3 O-O 6. Nbd2 c5 7. e4 dxe4 8.
dxe4 Nc6 9. c3 Bg4 10. h3 Bxf3 11. Qxf3 Ne5 12. Qe3 Nd3 13. e5 Ne8 14. Nc4 Nxc1
15. Raxc1 Qc7 16. Rcd1 Rc8 17. e6 Nf6 18. exf7+ Kh8 19. Rfe1 b5 20. Ne5 e6 21.
Qg5 Nd5 22. Nxg6+ hxg6 23. Qh4+ 1-0

[Event "CAN-op U2400"]
[Site "Montreal CAN"]
[Date "2014.07.22"]
[Round "5"]
[White "Le Duin, Thierry"]
[Black "Baciu, Diana"]
[Result "0-1"]
[WhiteElo "2062"]
[BlackElo "2294"]
[PlyCount "128"]
[EventDate "2014.07.19"]
[EventType "swiss"]
[EventRounds "9"]
[EventCountry "CAN"]

1. d4 e6 2. Nf3 Nf6 3. Bg5 h6 4. Bh4 d6 5. e3 g5 6. Bg3 Nh5 7. Bd3 Bg7 8. c3
Qe7 9. Nfd2 Nxg3 10. hxg3 Nd7 11. g4 e5 12. Qe2 Nf6 13. Bf5 Bxf5 14. gxf5 e4
15. g4 Qd7 16. f3 d5 17. fxe4 dxe4 18. Nc4 O-O-O 19. Ne5 Qe7 20. Nd2 Nd5 21.
Ndc4 c6 22. a4 Qc7 23. a5 Rhe8 24. Kf2 Ne7 25. Rh3 Rd5 26. Kg2 f6 27. Ng6 Nxg6
28. fxg6 Qd7 29. Rf1 Kc7 30. Qd1 Re6 31. Rf5 Qe8 32. Rxd5 cxd5 33. Na3 a6 34.
Qb3 Rd6 35. c4 dxc4 36. Qxc4+ Rc6 37. Qf7+ Qxf7 38. gxf7 Kd7 39. Rh1 Ke7 40.
Rd1 Kxf7 41. d5 Rc8 42. d6 Ke6 43. Nc4 Rd8 44. Rd4 f5 45. gxf5+ Kxf5 46. Rd5+
Ke6 47. Rc5 Bf8 48. Re5+ Kd7 49. Rxe4 Bxd6 50. b3 Bc7 51. Kh3 h5 52. Ne5+ Bxe5
53. Rxe5 Re8 54. Rxg5 Rxe3+ 55. Kg2 Rxb3 56. Rxh5 Rb5 57. Rh7+ Kc6 58. Kf3 Rxa5
59. Ke4 Rc5 60. Kd4 Rc1 61. Rh5 b6 62. Rg5 a5 63. Rh5 a4 64. Rg5 a3 0-1

[Event "CAN-op U2400"]
[Site "Montreal CAN"]
[Date "2014.07.22"]
[Round "5"]
[White "Libersan, Thierry"]
[Black "Tremblay, Alain"]
[Result "1-0"]
[WhiteElo "2090"]
[BlackElo "2045"]
[PlyCount "121"]
[EventDate "2014.07.19"]
[EventType "swiss"]
[EventRounds "9"]
[EventCountry "CAN"]

1. e4 e5 2. Nf3 Nc6 3. Bb5 a6 4. Ba4 Nf6 5. d3 b5 6. Bb3 Be7 7. a4 Bb7 8. O-O
d6 9. Nc3 b4 10. Ne2 Na5 11. Ba2 Nh5 12. Bd2 c5 13. c3 bxc3 14. Bxc3 O-O 15. g4
Nf6 16. h3 Nc6 17. a5 Bc8 18. Ng3 Be6 19. Nf5 Bxa2 20. Rxa2 Ne8 21. Qa4 Rc8 22.
Nd2 g6 23. Nxe7+ Qxe7 24. Nc4 Qh4 25. Kg2 f5 26. f3 Nd4 27. Bxd4 cxd4 28. Qd1
fxe4 29. fxe4 Ng7 30. b4 Ne6 31. Raf2 Rxf2+ 32. Rxf2 Nf4+ 33. Rxf4 exf4 34. Qf3
Qf6 35. e5 dxe5 36. Qd5+ Kh8 37. Nxe5 Re8 38. Nf3 Rd8 39. Qe4 Qd6 40. Ne5 Qd5
41. Kf3 g5 42. b5 axb5 43. a6 b4 44. Qxd5 Rxd5 45. Nc6 Rd7 46. a7 Rxa7 47. Nxa7
b3 48. Nb5 b2 49. Na3 Kg7 50. Ke4 Kf6 51. Kxd4 Ke6 52. Nb1 Kd6 53. Kc3 Kc5 54.
Kxb2 Kd4 55. Kc2 Ke3 56. Kc3 f3 57. Nd2 f2 58. d4 Ke2 59. d5 f1=Q 60. Nxf1 Kxf1
61. d6 1-0

[Event "CAN-op U2400"]
[Site "Montreal CAN"]
[Date "2014.07.22"]
[Round "5"]
[White "Lopez Linares, Lizandro"]
[Black "Khassanov, Marat"]
[Result "0-1"]
[WhiteElo "2025"]
[BlackElo "2256"]
[PlyCount "160"]
[EventDate "2014.07.19"]
[EventType "swiss"]
[EventRounds "9"]
[EventCountry "CAN"]

1. d4 Nf6 2. c4 e5 3. dxe5 Ng4 4. Bf4 Nc6 5. Nf3 Bb4+ 6. Nbd2 Qe7 7. e3 Ngxe5
8. Nxe5 Nxe5 9. a3 Bxd2+ 10. Qxd2 O-O 11. Be2 d6 12. O-O Ng6 13. Bg3 Bf5 14. b4
Rae8 15. Rac1 Rd8 16. Rfd1 Bc8 17. Qd5 Rfe8 18. Qa5 a6 19. c5 dxc5 20. Bxc7
Rxd1+ 21. Rxd1 cxb4 22. axb4 b5 23. Bf3 Ne5 24. Bxe5 Qxe5 25. Bc6 Rf8 26. Rd4
g6 27. Qb6 Kg7 28. h4 h6 29. Qa7 g5 30. hxg5 hxg5 31. g3 Qf6 32. Qc7 Be6 33.
Bb7 Rh8 34. Qc3 Bc4 35. Qa1 Rd8 36. Qxa6 Rxd4 37. Qxf6+ Kxf6 38. exd4 Ke6 39.
f3 Bd5 40. Bc8+ Kd6 41. Kf2 Bc6 42. Ke3 Kd5 43. Kd3 Kd6 44. f4 gxf4 45. gxf4 f6
46. Bf5 Bd5 47. Bg6 Kc7 48. Ke3 Bc6 49. Be4 Be8 50. Bd5 Kd6 51. Bg8 Bg6 52. d5
Bf5 53. Kd4 Bg6 54. Be6 Bh5 55. Ke4 Bg6+ 56. Kd4 Bh5 57. Bf5 Bf7 58. Bd3 Be8
59. Be2 Bd7 60. Bh5 Bh3 61. Be8 Bf1 62. Ke4 Bc4 63. Kf5 Ke7 64. Bc6 Bd3+ 65.
Kg4 Be2+ 66. Kg3 Kd6 67. Kf2 Bc4 68. Ke3 Bf1 69. Kd4 Bc4 70. Bb7 Kc7 71. Ba8
Kd6 72. Ke4 Ke7 73. Bc6 Bf1 74. Bb7 Bc4 75. Ba6 Bf1 76. Bb7 Bc4 77. Bc8 Bf1 78.
Be6 Bg2+ 79. Kf5 Bh3+ 80. Kg6 Bxe6 0-1

[Event "CAN-op U2400"]
[Site "Montreal CAN"]
[Date "2014.07.22"]
[Round "5"]
[White "Nikulich, Oleksandr"]
[Black "Shi, Diwen"]
[Result "0-1"]
[WhiteElo "2008"]
[BlackElo "1934"]
[PlyCount "92"]
[EventDate "2014.07.19"]
[EventType "swiss"]
[EventRounds "9"]
[EventCountry "CAN"]

1. d4 Nf6 2. c4 Nc6 3. Nf3 e6 4. Nc3 Bb4 5. e3 d6 6. Bd3 e5 7. d5 Bxc3+ 8. bxc3
Ne7 9. e4 O-O 10. Bg5 Ng6 11. h3 h6 12. Be3 b6 13. O-O Nh5 14. Kh2 Nhf4 15. Ng1
Nxd3 16. Qxd3 f5 17. f3 f4 18. Bf2 Qg5 19. Rfb1 Nh4 20. Qf1 a5 21. Bxh4 Qxh4
22. a4 Ba6 23. Rb5 Bxb5 24. cxb5 Rf7 25. Qe1 Qh5 26. Ra2 Raf8 27. c4 Rf6 28.
Qf2 Kf7 29. Kh1 Ke7 30. Rb2 Kd7 31. Ra2 Rg8 32. Rb2 g5 33. Qf1 Qg6 34. Rf2 h5
35. Qe2 Rf7 36. Qc2 Rfg7 37. Qe2 g4 38. Qc2 Qf6 39. Qd2 Qh4 40. Qe2 gxh3 41.
Nxh3 Rg3 42. Qf1 Rxg2 43. Rxg2 Qxh3+ 44. Kg1 Rg3 45. Rxg3 Qxf1+ 46. Kxf1 fxg3
0-1

[Event "CAN-op U2400"]
[Site "Montreal CAN"]
[Date "2014.07.22"]
[Round "5"]
[White "Noritsyn, Sergey"]
[Black "Luo, Zhao Yang"]
[Result "0-1"]
[WhiteElo "1821"]
[BlackElo "1959"]
[PlyCount "74"]
[EventDate "2014.07.19"]
[EventType "swiss"]
[EventRounds "9"]
[EventCountry "CAN"]

1. e4 c6 2. d4 d5 3. exd5 cxd5 4. c4 Nc6 5. Nc3 e6 6. Nf3 Bb4 7. cxd5 exd5 8.
Bd3 Nf6 9. O-O O-O 10. Bg5 Be7 11. Bc2 Bg4 12. Ne2 Ne4 13. Bxe7 Qxe7 14. a3 Qf6
15. Qd3 g6 16. Rad1 Rac8 17. Bb3 Rfd8 18. Ng3 Bxf3 19. gxf3 Ng5 20. Kg2 Nxd4
21. Ba2 Qe6 22. Rg1 Ndxf3 23. Nf5 Qxf5 24. Qxf5 gxf5 25. Rgf1 d4 26. Kg3 Ne5
27. Kf4 Ngf3 28. Kxf5 d3 29. h4 d2 30. Bb1 Nc4 31. Be4 Nxb2 32. Bxf3 Nxd1 33.
Bxd1 Rc1 34. Kf6 Rd6+ 35. Kf5 Re6 36. Rg1+ Kf8 37. h5 Re1 0-1

[Event "CAN-op U2400"]
[Site "Montreal CAN"]
[Date "2014.07.22"]
[Round "5"]
[White "Pepin, Christian"]
[Black "Weber, Meikel"]
[Result "1/2-1/2"]
[WhiteElo "1929"]
[BlackElo "2042"]
[PlyCount "92"]
[EventDate "2014.07.19"]
[EventType "swiss"]
[EventRounds "9"]
[EventCountry "CAN"]

1. e4 e5 2. Nf3 Nc6 3. Bb5 a6 4. Ba4 Nf6 5. d3 d6 6. h3 Be7 7. O-O b5 8. Bb3
Na5 9. Nc3 Bb7 10. Bg5 c6 11. Ne2 O-O 12. Ng3 g6 13. Bh6 Re8 14. Bxf7+ Kxf7 15.
b4 Bc8 16. bxa5 Qxa5 17. c3 Bf8 18. Ng5+ Ke7 19. Bxf8+ Rxf8 20. d4 Qxc3 21. Ne2
Qa3 22. f4 Qe3+ 23. Kh2 Bg4 24. dxe5 dxe5 25. fxe5 Rad8 26. exf6+ Rxf6 27. Qe1
Bxe2 28. Rxf6 Kxf6 29. Nxh7+ Ke7 30. Qh4+ Kd7 31. Ng5 Kc8 32. Re1 Qd2 33. e5
Rd5 34. Ne4 Qb2 35. Qe7 Rd7 36. Qc5 Kc7 37. e6 Bf3 38. Nf2 Rd2 39. e7 Rxf2 40.
e8=N+ Kc8 41. Nd6+ Kd7 42. Re7+ Kxe7 43. Nc4+ Ke8 44. Qe3+ Kf8 45. Nxb2 Rxg2+
46. Kh1 Rg3+ 1/2-1/2

[Event "CAN-op U2400"]
[Site "Montreal CAN"]
[Date "2014.07.22"]
[Round "5"]
[White "Reeve, Jeff"]
[Black "Luksza, Arkadiusz"]
[Result "1/2-1/2"]
[WhiteElo "2245"]
[BlackElo "2107"]
[PlyCount "93"]
[EventDate "2014.07.19"]
[EventType "swiss"]
[EventRounds "9"]
[EventCountry "CAN"]

1. e4 e6 2. d3 d5 3. Qe2 Nf6 4. Nf3 Be7 5. g3 O-O 6. Bg2 c5 7. O-O Nc6 8. e5
Nd7 9. c4 Nb6 10. h4 Bd7 11. Bf4 Nd4 12. Nxd4 cxd4 13. cxd5 Nxd5 14. Bxd5 exd5
15. Nd2 Qb6 16. Rfc1 Rac8 17. Nb3 a5 18. Rxc8 Rxc8 19. Rc1 Re8 20. e6 Bxe6 21.
Bc7 Qa7 22. Be5 Bf6 23. Bxf6 gxf6 24. Qf3 a4 25. Nd2 Kg7 26. h5 h6 27. Qf4 Qb6
28. Nf3 Qxb2 29. Nxd4 Qb6 30. Re1 Qd8 31. Nxe6+ Rxe6 32. Qg4+ Kh8 33. Rxe6 fxe6
34. Qxe6 a3 35. Qe3 Kg7 36. Qc5 Qf8 37. Qxd5 Qf7 38. Qf5 Qxa2 39. Qg6+ Kf8 40.
Qxh6+ Ke8 41. Qh8+ Ke7 42. Qh7+ Kd6 43. Qxb7 Qb2 44. Qa6+ Kc7 45. Qa7+ Kc6 46.
Qa6+ Kc7 47. Qa7+ 1/2-1/2

[Event "CAN-op U2400"]
[Site "Montreal CAN"]
[Date "2014.07.22"]
[Round "5"]
[White "Robichaud, Louis"]
[Black "Sprumont, Oscar"]
[Result "1/2-1/2"]
[WhiteElo "1948"]
[BlackElo "2075"]
[PlyCount "80"]
[EventDate "2014.07.19"]
[EventType "swiss"]
[EventRounds "9"]
[EventCountry "CAN"]

1. e4 e6 2. d3 d5 3. Nd2 Nf6 4. Ngf3 Bc5 5. e5 Nfd7 6. g3 Bb6 7. c3 c5 8. d4
Nc6 9. Nb3 O-O 10. Bg2 cxd4 11. cxd4 f6 12. exf6 Qxf6 13. O-O Qg6 14. Re1 Nf6
15. Be3 Bd7 16. Rc1 Rac8 17. Nc5 Bxc5 18. Rxc5 Ne4 19. Rc1 Qf5 20. Nh4 Qf6 21.
Nf3 g5 22. h3 Rf7 23. Ne5 Nxe5 24. Rxc8+ Bxc8 25. dxe5 Qxe5 26. Bxe4 Qxe4 27.
Bxg5 Qf5 28. Bf4 Bd7 29. Re5 Qf6 30. Qd4 Rg7 31. Rxd5 Qxd4 32. Rxd4 Bc6 33. g4
Rd7 34. Be5 Rxd4 35. Bxd4 Bd5 36. a3 a6 37. Kh2 Kf7 38. Kg3 Kg6 39. f4 Bb3 40.
h4 h5 1/2-1/2

[Event "CAN-op U2400"]
[Site "Montreal CAN"]
[Date "2014.07.22"]
[Round "5"]
[White "Robidas, Francois"]
[Black "Forget, Luc"]
[Result "1-0"]
[WhiteElo "1935"]
[BlackElo "1998"]
[PlyCount "65"]
[EventDate "2014.07.19"]
[EventType "swiss"]
[EventRounds "9"]
[EventCountry "CAN"]

1. e4 e5 2. Bc4 Nf6 3. d3 Bc5 4. Nc3 a6 5. Bg5 h6 6. Bh4 d6 7. Nf3 Be6 8. Qd2
Nc6 9. h3 Nd4 10. Nxd4 Bxd4 11. Bb3 g5 12. Bg3 Nh5 13. O-O-O Bxb3 14. axb3 Nf4
15. h4 Qf6 16. hxg5 Bxc3 17. bxc3 hxg5 18. Bxf4 gxf4 19. Qe2 Rxh1 20. Rxh1 Ke7
21. Qf3 a5 22. Rh5 Qg6 23. d4 exd4 24. cxd4 a4 25. Rf5 axb3 26. Qxb3 Ra1+ 27.
Kb2 Ra6 28. Qf3 f6 29. Rxf4 Qg8 30. d5 Qe8 31. Qc3 Qb5+ 32. Kc1 Qf1+ 33. Kd2
1-0

[Event "CAN-op U2400"]
[Site "Montreal CAN"]
[Date "2014.07.22"]
[Round "5"]
[White "Song, Sam"]
[Black "Lepine, Cedric"]
[Result "1/2-1/2"]
[WhiteElo "2030"]
[BlackElo "2113"]
[PlyCount "53"]
[EventDate "2014.07.19"]
[EventType "swiss"]
[EventRounds "9"]
[EventCountry "CAN"]

1. e4 Nf6 2. Nc3 d5 3. exd5 Nxd5 4. Nf3 Bg4 5. h3 Bh5 6. d4 e6 7. Be2 Bd6 8.
Nxd5 exd5 9. O-O O-O 10. Re1 Nc6 11. c3 Re8 12. Be3 Qd7 13. Qd2 f6 14. Ne5 Nxe5
15. dxe5 Rxe5 16. f4 Rxe3 17. Qxe3 Re8 18. Qf2 Rxe2 19. Rxe2 Bxe2 20. Qxe2 Bxf4
21. Qf2 Be5 22. Qxa7 Qb5 23. Qf2 Qa4 24. Kh1 b5 25. Rf1 Qxa2 26. Qf5 h6 27.
Qe6+ 1/2-1/2

[Event "CAN-op U2400"]
[Site "Montreal CAN"]
[Date "2014.07.22"]
[Round "5"]
[White "Thau, Peter"]
[Black "Ang, Alan"]
[Result "0-1"]
[WhiteElo "1813"]
[BlackElo "2017"]
[PlyCount "82"]
[EventDate "2014.07.19"]
[EventType "swiss"]
[EventRounds "9"]
[EventCountry "CAN"]

1. d4 Nf6 2. c4 g6 3. Nc3 Bg7 4. e4 d6 5. f4 O-O 6. Be2 c5 7. d5 e6 8. Nf3 exd5
9. exd5 Na6 10. O-O Rb8 11. Bd2 Nc7 12. Qb3 a6 13. a4 Bf5 14. Rae1 Qd7 15. Nh4
Ne4 16. Nxe4 Bxe4 17. Bd1 Rfe8 18. Bc3 f5 19. Bxg7 Qxg7 20. Qb6 Red8 21. b3 Rd7
22. Qa5 b5 23. axb5 axb5 24. Qd2 bxc4 25. bxc4 Rb2 26. Qe3 Re7 27. Rf2 Na6 28.
Rxb2 Qxb2 29. Qf2 Qc3 30. Nf3 Qxc4 31. Be2 Qa2 32. Ng5 Nb4 33. Rc1 Bxd5 34. Bb5
Qxf2+ 35. Kxf2 h6 36. Nf3 Bxf3 37. Kxf3 Kg7 38. Ra1 Nc2 39. Rb1 Nd4+ 40. Kf2
Nxb5 41. Rxb5 Kf6 0-1

[Event "CAN-op U2400"]
[Site "Montreal CAN"]
[Date "2014.07.22"]
[Round "5"]
[White "Upper, John"]
[Black "Beaulieu, Pierre"]
[Result "1-0"]
[WhiteElo "2042"]
[BlackElo "1858"]
[PlyCount "71"]
[EventDate "2014.07.19"]
[EventType "swiss"]
[EventRounds "9"]
[EventCountry "CAN"]

1. d4 Nf6 2. c4 c5 3. d5 b5 4. cxb5 a6 5. bxa6 Bxa6 6. Nc3 d6 7. Nf3 g6 8. g3
Bg7 9. e4 Bxf1 10. Kxf1 Nbd7 11. Kg2 O-O 12. a4 Qb6 13. Qe2 Ng4 14. Nd2 h5 15.
h3 Ngf6 16. Nb5 Rfb8 17. Ra3 Ne8 18. Nc4 Qd8 19. Bd2 Ne5 20. b3 Nc7 21. Ba5
Rxa5 22. Nxa5 Nxd5 23. exd5 Qxa5 24. Raa1 Bf6 25. Rab1 Nd7 26. f4 Nb6 27. Rhd1
Rc8 28. Na3 Qa8 29. Qf3 Bd4 30. Nb5 Nxd5 31. Kh1 e6 32. Nxd4 cxd4 33. Rxd4 Rc3
34. Qg2 Rc2 35. Qe4 Qc6 36. Rc4 1-0

[Event "CAN-op U2400"]
[Site "Montreal CAN"]
[Date "2014.07.22"]
[Round "5"]
[White "Voskanyan, Vahagn"]
[Black "Twesigye, Derick"]
[Result "1-0"]
[WhiteElo "2225"]
[BlackElo "2023"]
[PlyCount "63"]
[EventDate "2014.07.19"]
[EventType "swiss"]
[EventRounds "9"]
[EventCountry "CAN"]

1. Nf3 Nf6 2. c4 g6 3. d4 Bg7 4. g3 c6 5. Bg2 d5 6. b3 O-O 7. O-O dxc4 8. bxc4
Nbd7 9. Bb2 Qb6 10. Bc3 Qa6 11. Nbd2 Nb6 12. c5 Nbd5 13. Bb2 Bg4 14. h3 Bxf3
15. Bxf3 Nd7 16. Qb3 Qa5 17. Rfd1 Rfd8 18. Rab1 N5f6 19. Bc3 Qa6 20. Qxb7 Qxa2
21. Qxc6 Rac8 22. Qb5 Rb8 23. Qc4 Qc2 24. Ba5 Qxc4 25. Nxc4 Rdc8 26. Bb7 Rf8
27. c6 Nb6 28. Bxb6 axb6 29. Nxb6 e6 30. Ba6 Nd5 31. Nxd5 exd5 32. Rxb8 1-0

[Event "CAN-op U2400"]
[Site "Montreal CAN"]
[Date "2014.07.22"]
[Round "5"]
[White "Yagiz, Bora"]
[Black "Anastasovski, Nikola"]
[Result "1-0"]
[WhiteElo "1911"]
[BlackElo "2059"]
[PlyCount "78"]
[EventDate "2014.07.19"]
[EventType "swiss"]
[EventRounds "9"]
[EventCountry "CAN"]

1. Nf3 c5 2. e4 g6 3. d4 cxd4 4. Qxd4 Nf6 5. Nc3 Nc6 6. Qa4 e5 7. Bg5 Bb4 8.
Bb5 Bxc3+ 9. bxc3 Qe7 10. Rd1 O-O 11. Rd5 Qe6 12. Bxc6 dxc6 13. Rxe5 Qd6 14.
Qd4 Qxd4 15. cxd4 Kg7 16. Bxf6+ Kxf6 17. Ng5 Rd8 18. Nxh7+ Kg7 19. Ng5 Rxd4 20.
h4 f6 21. Re7+ Kg8 22. Re8+ Kg7 23. Ne6+ Bxe6 24. Rxa8 Rxe4+ 25. Kd2 Ra4 26.
Re1 Kf7 27. Rb8 f5 28. Rxb7+ Kf6 29. Ra1 a5 30. g3 Bd5 31. Ra7 f4 32. a3 Kf5
33. Rg7 f3 34. Re7 Kg4 35. Rg7 Be4 36. Re1 Kh3 37. Re7 Bf5 38. R1e3 Kg2 39. Ke1
Rd4 1-0

[Event "CAN-op U2400"]
[Site "Montreal CAN"]
[Date "2014.07.22"]
[Round "5"]
[White "Yang, Michael"]
[Black "Cloutier, Mathieu"]
[Result "1-0"]
[WhiteElo "2040"]
[BlackElo "2184"]
[PlyCount "79"]
[EventDate "2014.07.19"]
[EventType "swiss"]
[EventRounds "9"]
[EventCountry "CAN"]

1. e4 c5 2. Nf3 d6 3. c3 g6 4. Bd3 Bg7 5. O-O e5 6. Bc4 Ne7 7. Ng5 O-O 8. Qb3
d5 9. exd5 Nf5 10. d3 h6 11. Ne4 b6 12. a4 a6 13. Na3 Bb7 14. Nxc5 bxc5 15.
Qxb7 Nd7 16. Qb3 Nf6 17. Nc2 Qd6 18. Be3 Ng4 19. h3 Ngxe3 20. fxe3 e4 21. dxe4
Nh4 22. Rf4 g5 23. Rf2 Qg3 24. Ne1 Qxe3 25. Qc2 Be5 26. Qd3 Bf4 27. Nc2 Qxd3
28. Bxd3 Rab8 29. Rb1 Be5 30. Na3 c4 31. Nxc4 Bg3 32. Rf6 Kg7 33. Rxa6 Ng6 34.
Nd6 Be5 35. Nf5+ Kh7 36. Bb5 f6 37. Ra7+ Kh8 38. c4 Rfc8 39. b4 Nf4 40. c5 1-0

[Event "CAN-op U2400"]
[Site "Montreal CAN"]
[Date "2014.07.23"]
[Round "6"]
[White "Anastasovski, Nikola"]
[Black "Simard, Francois"]
[Result "1-0"]
[WhiteElo "2059"]
[BlackElo "1750"]
[PlyCount "135"]
[EventDate "2014.07.19"]
[EventType "swiss"]
[EventRounds "9"]
[EventCountry "CAN"]

1. e4 c5 2. c4 Nc6 3. Nc3 Nf6 4. g3 d6 5. Bg2 e5 6. h3 Be6 7. d3 Be7 8. Be3 O-O
9. Nge2 Nd4 10. f4 Bd7 11. O-O a6 12. Qd2 b5 13. b3 bxc4 14. bxc4 Rb8 15. g4
Rb4 16. Ng3 Bc6 17. g5 Nd7 18. f5 Re8 19. Rf2 f6 20. g6 hxg6 21. fxg6 Nf8 22.
Nf5 Nxg6 23. Bxd4 exd4 24. Ne2 Kf7 25. Nexd4 Ba8 26. Raf1 Qb6 27. Nf3 Rb1 28.
Ng5+ Kg8 29. Qe2 Rxf1+ 30. Bxf1 fxg5 31. Qh5 Bf6 32. Qxg6 Rf8 33. Kg2 Qc7 34.
Be2 Bc6 35. Ng3 Be8 36. Qf5 Be7 37. Qd5+ Bf7 38. Rxf7 Rxf7 39. Bh5 Bf8 40.
Bxf7+ Qxf7 41. Nf5 Qxd5 42. exd5 Kf7 43. Kf3 Kf6 44. Ke4 g6 45. Ng3 Bg7 46. Ke3
Bh6 47. Ke4 Bg7 48. Ne2 g4 49. hxg4 Kg5 50. Kf3 Be5 51. Ng3 Kh4 52. Ne4 Bh2 53.
Nd2 Kg5 54. Nb3 Be5 55. Na5 Kf6 56. Nc6 Bc3 57. a4 a5 58. Nd8 Ke7 59. Ne6 Kf6
60. Ke4 Be5 61. g5+ Ke7 62. Nxc5 Bc3 63. Ne6 Bb4 64. d4 Ba3 65. c5 Bc1 66. Kd3
Kd7 67. Kc4 Ke7 68. Kb5 1-0

[Event "CAN-op U2400"]
[Site "Montreal CAN"]
[Date "2014.07.23"]
[Round "6"]
[White "Ang, Alan"]
[Black "Robichaud, Louis"]
[Result "1-0"]
[WhiteElo "2017"]
[BlackElo "2075"]
[PlyCount "63"]
[EventDate "2014.07.19"]
[EventType "swiss"]
[EventRounds "9"]
[EventCountry "CAN"]

1. e4 e5 2. Nf3 Nc6 3. Bb5 a6 4. Ba4 Nf6 5. O-O Nxe4 6. d4 b5 7. Bb3 d5 8. dxe5
Be6 9. Nbd2 Nc5 10. c3 d4 11. Bxe6 Nxe6 12. cxd4 Ncxd4 13. Ne4 Be7 14. Be3 Nf5
15. Qc2 O-O 16. Nfg5 Bxg5 17. Nxg5 Nxg5 18. Qxf5 Ne6 19. f4 Qe7 20. Rac1 c5 21.
Qg4 Nd4 22. b4 f6 23. bxc5 fxe5 24. fxe5 Nc6 25. e6 Ne5 26. Qe4 Nc4 27. Rf7 Qe8
28. Bd4 Rxf7 29. exf7+ Kxf7 30. Qd5+ Kg6 31. g4 Rd8 32. Qh5# 1-0

[Event "CAN-op U2400"]
[Site "Montreal CAN"]
[Date "2014.07.23"]
[Round "6"]
[White "Babb, Jeff"]
[Black "Le Duin, Thierry"]
[Result "1/2-1/2"]
[WhiteElo "2111"]
[BlackElo "2062"]
[PlyCount "82"]
[EventDate "2014.07.19"]
[EventType "swiss"]
[EventRounds "9"]
[EventCountry "CAN"]

1. f4 d5 2. e3 Nf6 3. Nf3 Bg4 4. h3 Bxf3 5. Qxf3 e6 6. Nc3 c6 7. b3 Nbd7 8. Bb2
g6 9. g4 Bg7 10. O-O-O Qe7 11. g5 Nh5 12. h4 Rg8 13. Bh3 Bxc3 14. dxc3 O-O-O
15. Bg4 Ng7 16. e4 dxe4 17. Qxe4 Nf5 18. Qa4 Kb8 19. Bxf5 gxf5 20. Ba3 Qe8 21.
Bd6+ Ka8 22. Qa3 Nb6 23. c4 Nc8 24. Be5 Qe7 25. Qxe7 Nxe7 26. Bf6 Rxd1+ 27.
Rxd1 Ng6 28. Rd7 Nxh4 29. Rxf7 Ng6 30. Rxh7 a6 31. Kd2 Nxf4 32. Re7 Nh3 33.
Rxe6 Nxg5 34. Bxg5 Rxg5 35. Rf6 Rg2+ 36. Kd3 Rf2 37. a4 Kb8 38. Rf7 Kc8 39. a5
Kb8 40. Kd4 Rxc2 41. Rxf5 Rb2 1/2-1/2